Statistics for Five Biggest Cities by Country #2

Click here to take the quiz!

General Stats

  • This quiz has been taken 78 times
  • The average score is 38 of 60

Answer Stats

CountryCity% Correct
GermanyBerlin
100%
ArgentinaBuenos Aires
100%
ItalyMilan
100%
FranceParis
100%
ItalyRome
100%
PolandWarsaw
100%
GermanyFrankfurt
99%
TurkeyIstanbul
99%
GermanyMunich
99%
South KoreaSeoul
99%
TurkeyAnkara
97%
ItalyNaples
97%
IranTehran
97%
RomaniaBucharest
94%
GermanyHamburg
94%
IndonesiaJakarta
94%
NigeriaLagos
94%
FranceLyon
94%
FranceMarseille
94%
PolandKrakow
92%
PakistanRawalpindi/Islamabad
92%
PakistanKarachi
90%
FranceNice
89%
ItalyTurin
89%
NigeriaAbuja
83%
PakistanLahore
81%
TurkeyIzmir
78%
GermanyCologne
76%
South KoreaBusan
75%
ItalyPalermo
71%
FranceToulouse
69%
NigeriaKano
61%
ArgentinaCordoba
57%
IndonesiaSurabaya
54%
RomaniaCluj-Napoca
51%
PolandLodz
51%
ArgentinaRosario
47%
PolandWroclaw
46%
South KoreaIncheon
44%
IndonesiaBandung
43%
IranIsfahan
42%
IranMashhad
42%
IndonesiaMedan
42%
South KoreaDaegu
40%
PakistanHyderabad
35%
NigeriaIbadan
33%
PakistanFaisalabad
32%
PolandPoznan
31%
IranTabriz
29%
TurkeyAdana
28%
TurkeyBursa
28%
RomaniaIasi
25%
RomaniaConstanta
24%
RomaniaTimisoara
24%
South KoreaDaejeon
22%
NigeriaKaduna
14%
ArgentinaLa Plata
14%
ArgentinaSalta
13%
IndonesiaBekasi
10%
IranKaraj
10%

Score Distribution

Percentile by Number Answered

Percent of People with Each Score

Your Score History

You have not taken this quiz